[Event "Mittelrhein Regionalliga 1920"]
[Site "Mittelrhein"]
[Date "2020.01.19"]
[Round "5.4"]
[White "Krings, Thomas"]
[Black "Tbaila, Ralph"]
[Result "1-0"]
[WhiteElo "2044"]
[BlackElo "1848"]
[PlyCount "99"]
[EventDate "2019.09.29"]
[EventType "team-tourn"]
[EventRounds "9"]
[EventCountry "GER"]
[SourceTitle "EXT 2023"]
[Source "ChessBase"]
[SourceDate "2022.10.05"]
[SourceVersion "1"]
[SourceVersionDate "2022.10.05"]
[SourceQuality "1"]
[WhiteTeam "Horrem"]
[BlackTeam "Kalker/Deutzer SG"]
[WhiteTeamCountry "GER"]
[BlackTeamCountry "GER"]

1. Nf3 Nf6 2. g3 c5 3. Bg2 Nc6 4. 0-0 e6 5. d3 d5 6. Nbd2 Be7 7. e4 dxe4 8. dxe4 e5 9. Qe2 0-0 10. c3 Be6 11. Nc4 Qc7 12. Bg5 Rad8 13. Bxf6 Bxf6 14. Ne3 Qc8 15. b3 a6 16. Rfd1 Rxd1+ 17. Rxd1 Rd8 18. Nd5 Bg4 19. Qe3 b6 20. Rd2 Qb8 21. Bf1 Rd6 22. h3 Bxf3 23. Qxf3 a5 24. a4 Ne7 25. Nxf6+ Rxf6 26. Qd1 Nc6 27. Bb5 Nd4 28. cxd4 exd4 29. Qg4 g6 30. Rd3 Qe5 31. Rf3 Re6 32. Bc4 Re7 33. Qf4 Qxf4 34. Rxf4 Kg7 35. Kf1 f6 36. Bd5 Rd7 37. Ke2 Rd6 38. Kd3 Kh6 39. Rh4+ Kg7 40. Rf4 Kh6 41. Kc4 Kg7 42. Rf3 h6 43. Rd3 g5 44. Kb5 f5 45. f3 Kf6 46. Bc6 h5 47. exf5 Kxf5 48. Kxb6 h4 49. gxh4 gxh4 50. Kxc5 1-0

[Event "Mittelrhein Verbandsliga-N 17/18"]
[Site "Nordrheinwestfalen"]
[Date "2018.03.18"]
[Round "9.7"]
[White "Steiz, Johann"]
[Black "Tbaila, Ralph"]
[Result "0-1"]
[WhiteElo "1681"]
[BlackElo "1828"]
[PlyCount "58"]
[EventDate "2017.09.10"]
[EventType "team-swiss"]
[EventRounds "11"]
[EventCountry "GER"]
[SourceTitle "EXT 2022"]
[Source "ChessBase"]
[SourceDate "2021.10.06"]
[SourceVersion "1"]
[SourceVersionDate "2021.10.06"]
[SourceQuality "1"]
[WhiteTeam "Dormagen SV"]
[BlackTeam "Kalker/Deutzer SG"]
[WhiteTeamCountry "GER"]
[BlackTeamCountry "GER"]

1. e4 e5 2. Nf3 Nc6 3. Bc4 Bc5 4. c3 d6 5. 0-0 Nf6 6. d4 exd4 7. cxd4 Bb6 8. Nc3 0-0 9. Bg5 Re8 10. Re1 Bg4 11. Nd5 Bxd4 12. Qb3 Na5 13. Nxf6+ Bxf6 14. Bxf6 Qxf6 15. Qd3 Bxf3 16. gxf3 Nxc4 17. Qxc4 Qxf3 18. Re3 Qg4+ 19. Kh1 Qf4 20. Kg2 Re6 21. Qxc7 Rh6 22. Rh1 Qg4+ 23. Kf1 Rg6 24. Qxb7 Rc8 25. Rg3 Qe6 26. Kg2 Re8 27. Rc1 h5 28. Qd5 Rxg3+ 29. Kxg3 Qg4# 0-1

[Event "Mittelrhein Verbandsliga-N 17/18"]
[Site "Nordrheinwestfalen"]
[Date "2017.12.03"]
[Round "5.7"]
[White "Tbaila, Ralph"]
[Black "Schneider, Mathias"]
[Result "1-0"]
[WhiteElo "1829"]
[BlackElo "1489"]
[PlyCount "57"]
[EventDate "2017.09.10"]
[EventType "team-swiss"]
[EventRounds "11"]
[EventCountry "GER"]
[SourceTitle "EXT 2022"]
[Source "ChessBase"]
[SourceDate "2021.10.06"]
[SourceVersion "1"]
[SourceVersionDate "2021.10.06"]
[SourceQuality "1"]
[WhiteTeam "Kalker/Deutzer SG"]
[BlackTeam "Gruenfeld"]
[WhiteTeamCountry "GER"]
[BlackTeamCountry "GER"]

1. b4 e5 2. Bb2 Bxb4 3. Bxe5 Nf6 4. e3 d6 5. Bb2 Nc6 6. Nf3 Bg4 7. Be2 0-0 8. 0-0 d5 9. c4 dxc4 10. Nc3 Bxc3 11. Bxc3 b5 12. h3 Bh5 13. a4 a6 14. axb5 axb5 15. Rxa8 Qxa8 16. Bxf6 gxf6 17. g4 Bg6 18. Nh4 Qd8 19. f4 Bd3 20. Bxd3 Qxd3 21. Nf5 Kh8 22. Qa1 Qd8 23. g5 Rg8 24. Nh6 Rg7 25. Rf2 Qe7 26. Nf5 Qd8 27. Nxg7 Kxg7 28. gxf6+ Qxf6 29. Rg2+ 1-0

[Event "Mittelrhein Verbandsliga-O 16/17"]
[Site "Nordrheinwestfalen"]
[Date "2017.01.29"]
[Round "7"]
[White "Tbaila, Ralph"]
[Black "Hoeren, Andreas"]
[Result "0-1"]
[WhiteElo "1780"]
[BlackElo "2102"]
[PlyCount "52"]
[EventDate "2016.09.11"]
[EventType "team-tourn"]
[EventRounds "11"]
[EventCountry "GER"]
[SourceTitle "EXT 2022"]
[Source "ChessBase"]
[SourceDate "2021.10.06"]
[SourceVersion "1"]
[SourceVersionDate "2021.10.06"]
[SourceQuality "1"]
[WhiteTeam "Kalker/Deutzer SG"]
[BlackTeam "Koeln Lasker II"]
[WhiteTeamCountry "GER"]
[BlackTeamCountry "GER"]

1. b4 d6 2. e3 e5 3. c4 g6 4. Bb2 Bg7 5. Be2 a5 6. a3 axb4 7. axb4 Rxa1 8. Bxa1 Ne7 9. f4 0-0 10. fxe5 dxe5 11. Nf3 e4 12. Nd4 Nf5 13. Nxf5 Bxa1 14. Ng3 Be5 15. Nxe4 Bf5 16. Nbc3 Re8 17. Bf3 Bxc3 18. Nxc3 Qh4+ 19. g3 Qxc4 20. Nd5 Nd7 21. Qe2 Bd3 22. Qf2 Ra8 23. Nc3 Ne5 24. Bd1 Be4 25. Qf6 Nd3+ 26. Kf1 Bxh1 0-1

[Event "Mittelrhein Verbandsliga-O 16/17"]
[Site "Nordrheinwestfalen"]
[Date "2016.10.02"]
[Round "2"]
[White "Kiebel, Niklas"]
[Black "Tbaila, Ralph"]
[Result "0-1"]
[WhiteElo "1875"]
[BlackElo "1780"]
[PlyCount "86"]
[EventDate "2016.09.11"]
[EventType "team-tourn"]
[EventRounds "11"]
[EventCountry "GER"]
[SourceTitle "EXT 2022"]
[Source "ChessBase"]
[SourceDate "2021.10.06"]
[SourceVersion "1"]
[SourceVersionDate "2021.10.06"]
[SourceQuality "1"]
[WhiteTeam "Bruehl II"]
[BlackTeam "Kalker/Deutzer SG"]
[WhiteTeamCountry "GER"]
[BlackTeamCountry "GER"]

1. e4 e5 2. Nf3 Nc6 3. Bb5 a6 4. Ba4 b5 5. Bb3 d6 6. d4 exd4 7. Bd5 Bb7 8. Nxd4 Qd7 9. a4 Nf6 10. axb5 axb5 11. Rxa8+ Bxa8 12. Nxb5 Nxd5 13. exd5 Nb4 14. Qe2+ Be7 15. N1c3 Nxd5 16. Be3 Nxe3 17. fxe3 0-0 18. 0-0 Bg5 19. e4 Re8 20. Qc4 Be3+ 21. Kh1 Bc6 22. Nxc7 Qxc7 23. Nd5 Qb7 24. Nxe3 Rxe4 25. Qc3 Qb5 26. Rf5 d5 27. h3 g6 28. Re5 d4 29. Rxb5 dxc3 30. Rb8+ Kg7 31. Ng4 Re2 32. bxc3 Rxg2 33. Ne5 Be4 34. Rb4 Re2+ 35. Kg1 Bxc2 36. Ng4 Bf5 37. Kf1 Rd2 38. Rd4 Rxd4 39. cxd4 h5 40. Ne3 h4 41. Ke2 Kf6 42. Kf3 Ke6 43. Kf4 f6 0-1

[Event "Mittelrhein Verbandsliga-M 15/16"]
[Site "Nordrheinwestfalen"]
[Date "2016.03.13"]
[Round "9.6"]
[White "Tbaila, Ralph"]
[Black "Buchmeier, Armin"]
[Result "1-0"]
[WhiteElo "1811"]
[BlackElo "1578"]
[PlyCount "67"]
[EventDate "2015.09.06"]
[EventType "team-tourn"]
[EventRounds "11"]
[EventCountry "GER"]
[SourceTitle "EXT 2022"]
[Source "ChessBase"]
[SourceDate "2021.10.06"]
[SourceVersion "1"]
[SourceVersionDate "2021.10.06"]
[SourceQuality "1"]
[WhiteTeam "Kalker/Deutzer SG"]
[BlackTeam "Schlebusch SF"]
[WhiteTeamCountry "GER"]
[BlackTeamCountry "GER"]

1. b4 d5 2. e3 Nf6 3. Bb2 g6 4. c4 c6 5. Nf3 Bg7 6. Nc3 0-0 7. Qb3 Be6 8. d3 dxc4 9. dxc4 h6 10. Nd4 Qc8 11. a4 Na6 12. Bd3 Nc7 13. 0-0 Ng4 14. Nce2 Ne5 15. Nxe6 Nxe6 16. Bc2 Qc7 17. f4 Ng4 18. Bxg7 Kxg7 19. h3 Nf6 20. f5 Ng5 21. fxg6 fxg6 22. Qd3 Nge4 23. Rxf6 Rxf6 24. Qxe4 Rd8 25. Nf4 Kf7 26. Nxg6 Rg8 27. Rf1 Rxf1+ 28. Kxf1 Qd6 29. Qf5+ Ke8 30. c5 Qf6 31. Qxf6 exf6 32. Nh4 Ke7 33. Nf5+ Kd7 34. Nxh6 1-0

[Event "Mittelrhein Verbandsliga-M 15/16"]
[Site "Nordrheinwestfalen"]
[Date "2016.01.10"]
[Round "6.6"]
[White "Gutt, Oswald"]
[Black "Tbaila, Ralph"]
[Result "1-0"]
[WhiteElo "1913"]
[BlackElo "1811"]
[PlyCount "61"]
[EventDate "2015.09.06"]
[EventType "team-tourn"]
[EventRounds "11"]
[EventCountry "GER"]
[SourceTitle "EXT 2022"]
[Source "ChessBase"]
[SourceDate "2021.10.06"]
[SourceVersion "1"]
[SourceVersionDate "2021.10.06"]
[SourceQuality "1"]
[WhiteTeam "Bergische SF"]
[BlackTeam "Kalker/Deutzer SG"]
[WhiteTeamCountry "GER"]
[BlackTeamCountry "GER"]

1. e4 e5 2. Nf3 Nc6 3. Bb5 a6 4. Bxc6 dxc6 5. 0-0 Bg4 6. h3 Bh5 7. d3 Qf6 8. Nbd2 0-0-0 9. Qe1 g5 10. g4 Bxg4 11. hxg4 h5 12. Nh2 hxg4 13. Qe2 Rh4 14. Kg2 Qh8 15. Rh1 Rd6 16. Ndf1 Rdh6 17. Bxg5 Ne7 18. Bxh4 Rxh4 19. Ng3 Ng6 20. Qe3 Nf4+ 21. Kg1 Bh6 22. Qa7 Kd7 23. Nf5 Nh3+ 24. Kf1 Qf6 25. Nxg4 Rxg4 26. Rxh3 Bf4 27. Ke2 Qg6 28. Qc5 Bg5 29. Rah1 b6 30. Qf8 Bf6 31. Rh6 1-0